<?xml version="1.0" encoding="UTF-8"?>
<collection xmlns="http://www.loc.gov/MARC21/slim">
<record>
  <controlfield tag="001">252499</controlfield>
  <controlfield tag="005">20240928175034.0</controlfield>
  <datafield tag="035" ind1=" " ind2=" ">
    <subfield code="a">G:(GEPRIS)259625739</subfield>
  </datafield>
  <datafield tag="024" ind1="7" ind2=" ">
    <subfield code="a">G:(GEPRIS)259625739</subfield>
    <subfield code="d">259625739</subfield>
  </datafield>
  <datafield tag="040" ind1=" " ind2=" ">
    <subfield code="a">GEPRIS</subfield>
    <subfield code="c">http://gepris.its.kfa-juelich.de</subfield>
  </datafield>
  <datafield tag="150" ind1=" " ind2=" ">
    <subfield code="a">Einfluss der Mikrobiota des Darms und der oberen Atemwege auf den Verlauf von COVID-19 und die proinflammatorische Immunantwort (A05)</subfield>
    <subfield code="y">2014 - 2023</subfield>
  </datafield>
  <datafield tag="371" ind1=" " ind2=" ">
    <subfield code="a">Dr. Catherine Chaput</subfield>
  </datafield>
  <datafield tag="371" ind1=" " ind2=" ">
    <subfield code="a">Professor Dr. Markus M. Heimesaat</subfield>
  </datafield>
  <datafield tag="371" ind1=" " ind2=" ">
    <subfield code="a">Professor Dr. Bastian Opitz</subfield>
  </datafield>
  <datafield tag="450" ind1=" " ind2=" ">
    <subfield code="a">DFG project G:(GEPRIS)259625739</subfield>
    <subfield code="w">d</subfield>
    <subfield code="y">2014 - 2023</subfield>
  </datafield>
  <datafield tag="510" ind1="1" ind2=" ">
    <subfield code="a">Deutsche Forschungsgemeinschaft</subfield>
    <subfield code="0">I:(DE-588b)2007744-0</subfield>
    <subfield code="b">DFG</subfield>
  </datafield>
  <datafield tag="550" ind1=" " ind2=" ">
    <subfield code="0">G:(GEPRIS)114933180</subfield>
    <subfield code="a">TRR 84: Angeborene Immunität der Lunge: Mechanismen des Pathogenangriffs und der Wirtsabwehr in der Pneumonie</subfield>
    <subfield code="w">t</subfield>
  </datafield>
  <datafield tag="680" ind1=" " ind2=" ">
    <subfield code="a">COVID-19 kann klinisch leicht oder schwer verlaufen, wobei viele Patienten eine Lungenentzündung und ein akutes Lungenversagen (ARDS) entwickeln, und einige sterben. In dieser Studie testen wir die Hypothesen (I), dass die Mikrobiota der oberen Atemwege und des Darms den Krankheitsverlauf beeinflussen, und umgekehrt (II), dass COVID-19 die Mikrobiota der Patienten beeinflusst. Wir sammeln daher longitudinal Proben der oberen Atemwege und des Darms sowie Urin und Blut von hospitalisierten Patienten mit COVID-19. Die Mikrobiota wird mittels Shotgun-Metagenom- Sequenzierung analysiert, die von der Mikrobiota produzierten Metabolite werden in Plasma und Urin gemessen, und die Produktion von inflammatorischen Zytokinen wird mittels Multiplex-ELISA und RNAseq untersucht. Die Ergebnisse werden zusammen mit Daten zur Viruslast analysiert, um zu charakterisieren, wie sich Mikrobiota und COVID-19 gegenseitig beeinflussen.</subfield>
  </datafield>
  <datafield tag="909" ind1="C" ind2="O">
    <subfield code="o">oai:juser.fz-juelich.de:919101</subfield>
    <subfield code="p">authority:GRANT</subfield>
    <subfield code="p">authority</subfield>
  </datafield>
  <datafield tag="980" ind1=" " ind2=" ">
    <subfield code="a">G</subfield>
  </datafield>
  <datafield tag="980" ind1=" " ind2=" ">
    <subfield code="a">AUTHORITY</subfield>
  </datafield>
  <datafield tag="909" ind1="C" ind2="O">
    <subfield code="o">oai:juser.fz-juelich.de:919101</subfield>
  </datafield>
</record>
</collection>